<?xml version="1.0" encoding="UTF-8"?>
<record
    xmlns:xsi="http://www.w3.org/2001/XMLSchema-instance"
    xsi:schemaLocation="http://www.loc.gov/MARC21/slim http://www.loc.gov/standards/marcxml/schema/MARC21slim.xsd"
    xmlns="http://www.loc.gov/MARC21/slim">

  <leader>01828nam a2200241 a 4500</leader>
  <controlfield tag="001">000032891</controlfield>
  <controlfield tag="005">20240409073643.0</controlfield>
  <controlfield tag="008">110801t1947    dr            001 0 spa d</controlfield>
  <datafield tag="040" ind1=" " ind2=" ">
    <subfield code="a">DO-SdBNP</subfield>
    <subfield code="b">spa</subfield>
    <subfield code="c">BNPHU</subfield>
  </datafield>
  <datafield tag="082" ind1=" " ind2=" ">
    <subfield code="a">341.488</subfield>
    <subfield code="b">H474d</subfield>
  </datafield>
  <datafield tag="100" ind1="1" ind2=" ">
    <subfield code="a">Helfant, Henry</subfield>
    <subfield code="9">53943</subfield>
  </datafield>
  <datafield tag="245" ind1="1" ind2="3">
    <subfield code="a">La doctrina Trujillo del asilo diplom&#xE1;tico humanitario /</subfield>
    <subfield code="c">Henry Helfant.</subfield>
  </datafield>
  <datafield tag="260" ind1=" " ind2=" ">
    <subfield code="a">M&#xE9;xico :</subfield>
    <subfield code="b">Offset Continente,</subfield>
    <subfield code="c">1947.</subfield>
  </datafield>
  <datafield tag="300" ind1=" " ind2=" ">
    <subfield code="a">389 p. ;</subfield>
    <subfield code="c">22 cm.</subfield>
  </datafield>
  <datafield tag="500" ind1=" " ind2=" ">
    <subfield code="a">Incluye bibliograf&#xED;a y notas al pie de p&#xE1;ginas.</subfield>
  </datafield>
  <datafield tag="504" ind1=" " ind2=" ">
    <subfield code="a">Bibligraf&#xED;a de la guerra civil espa&#xF1;ola y del asilo diplom&#xE1;tico (1936-1939) : p.373-389.</subfield>
  </datafield>
  <datafield tag="505" ind1="0" ind2=" ">
    <subfield code="t">Al que leyere --</subfield>
    <subfield code="t">El asilo Diplom&#xE1;tico Humanitario --</subfield>
    <subfield code="t">La tragedia de Madrid --</subfield>
    <subfield code="t">La lucha contra el hambre --</subfield>
    <subfield code="t">Generosidad del pueblo espa&#xF1;ol --</subfield>
    <subfield code="t">Diplomacia y diplom&#xE1;ticos --</subfield>
    <subfield code="t">El derecho de asilo, teor&#xED;a y pr&#xE1;ctica --</subfield>
    <subfield code="t">Actividades del cuerpo diplom&#xE1;tico extranjero durante la guerra civil espa&#xF1;ola --</subfield>
    <subfield code="t">El Presidente Trujillo enuncia su doctrina del asilo Diplom&#xE1;tico Humanitario --</subfield>
    <subfield code="t">Espisodio bochornoso: la Embajada de Alemania --</subfield>
    <subfield code="t">El gobierno abandona Madrid --</subfield>
    <subfield code="t">El incidente "Finland&#xE9;s" y la posici&#xF3;n del Gobierno de Trujillo en el problema de los asilados --</subfield>
    <subfield code="t">Actividades del Secretario General --</subfield>
    <subfield code="t">El derecho de asilo en Madrid --</subfield>
    <subfield code="t">Los anexos a las sedes diplom&#xE1;ticas --</subfield>
    <subfield code="t">Actitud de los asilados --</subfield>
    <subfield code="t">Manifetaciones pol&#xED;ticas en el refugio --</subfield>
    <subfield code="t">An&#xE9;cdotas y abusos --</subfield>
    <subfield code="t">Bibligraf&#xED;a de la guerra civil espa&#xF1;ola y del asilo diplom&#xE1;tico (1936-1939).</subfield>
  </datafield>
  <datafield tag="650" ind1=" " ind2="4">
    <subfield code="a">Derecho de asilo</subfield>
    <subfield code="z">Rep&#xFA;blica Dominicana</subfield>
    <subfield code="x">Historia</subfield>
    <subfield code="y">ERA DE TRUJILLO, 1930-1961</subfield>
    <subfield code="9">58660</subfield>
  </datafield>
  <datafield tag="651" ind1=" " ind2="4">
    <subfield code="a">Rep&#xFA;blica Dominicana</subfield>
    <subfield code="x">Relaciones Exteriores</subfield>
    <subfield code="9">2258</subfield>
  </datafield>
  <datafield tag="651" ind1=" " ind2="4">
    <subfield code="a">Rep&#xFA;blica Dominicana</subfield>
    <subfield code="x">Pol&#xED;tica Y Gobierno</subfield>
    <subfield code="y">ERA DE TRUJILLO, 1930-1961</subfield>
    <subfield code="9">1374</subfield>
  </datafield>
  <datafield tag="910" ind1=" " ind2=" ">
    <subfield code="a">Validado. Control de calidad EMS.</subfield>
  </datafield>
  <datafield tag="049" ind1=" " ind2=" ">
    <subfield code="a">BNPD</subfield>
  </datafield>
  <datafield tag="952" ind1=" " ind2=" ">
    <subfield code="0">0</subfield>
    <subfield code="1">0</subfield>
    <subfield code="5">0</subfield>
    <subfield code="7">1</subfield>
    <subfield code="8">RV</subfield>
    <subfield code="a">PD</subfield>
    <subfield code="b">PD</subfield>
    <subfield code="c">HD</subfield>
    <subfield code="d">2011-08-01</subfield>
    <subfield code="i">LF1</subfield>
    <subfield code="l">0</subfield>
    <subfield code="o">341.488 H474d</subfield>
    <subfield code="p">32891-10</subfield>
    <subfield code="r">2020-06-25</subfield>
    <subfield code="w">2020-06-25</subfield>
    <subfield code="y">1</subfield>
    <subfield code="z">Perteneci&#xF3; a la biblioteca personal de Julio Ortega Frier.</subfield>
    <subfield code="Z">No se presta</subfield>
  </datafield>
  <datafield tag="952" ind1=" " ind2=" ">
    <subfield code="0">0</subfield>
    <subfield code="1">0</subfield>
    <subfield code="5">0</subfield>
    <subfield code="7">1</subfield>
    <subfield code="8">RV</subfield>
    <subfield code="a">PD</subfield>
    <subfield code="b">PD</subfield>
    <subfield code="c">HD</subfield>
    <subfield code="d">2011-08-01</subfield>
    <subfield code="i">LF1</subfield>
    <subfield code="l">0</subfield>
    <subfield code="o">341.488 H474d</subfield>
    <subfield code="p">32891-20</subfield>
    <subfield code="r">2020-06-25</subfield>
    <subfield code="t">e. 2</subfield>
    <subfield code="w">2020-06-25</subfield>
    <subfield code="y">1</subfield>
    <subfield code="z">Perteneci&#xF3; a la biblioteca personal de Mart&#xED;nez Boog.</subfield>
    <subfield code="Z">No se presta</subfield>
  </datafield>
  <datafield tag="999" ind1=" " ind2=" ">
    <subfield code="c">32382</subfield>
    <subfield code="d">32382</subfield>
  </datafield>
</record>
